00841nam a2200241 i 4500001000700000003000900007005001700016007000300033008004100036080001200077100002900089245007000118250001500188260005400203300002200257490004500279650001700324700002800341830005300369852003200422999001900454952012600473140861ES-MaACL20230906200152.0t|070918s1959 sp ||||1| spa d a796.8911 aYerkow, Charles.911762210aJudo katas / cCharles Yerkow ; [traducción de Juan Legorburo]. a[2ª ed.]. aBarcelona : bHispano-Europea : [Saturno, c1959] a171 p. ; c20 cm.1 aHerakles. Serie T. Técnicas deportivas14aJudo.9140081 aLegorburo, Juan.9712850 aHerakles. Serie T. Técnicas deportivas9220366 aES-MaACLjC-17000 bR.45507 c140861d140861 00104070aATENEOMbATENEOMcGaleríad2008-01-17eSCl0oC-17000p1146575r2023-02-23 00:00:00w2023-02-23yMONOGRAFIA